[Event "Corsica Masters op 13th"]
[Site "Bastia"]
[Date "2009.10.27"]
[Round "4"]
[White "Salard, Alexandre"]
[Black "Humeau, Cyril"]
[Result "0-1"]
[WhiteElo "1908"]
[BlackElo "2171"]
[PlyCount "96"]
[EventDate "2009.10.25"]
[EventType "swiss"]
[EventRounds "9"]
[EventCountry "FRA"]
[SourceTitle "EXT 2010"]
[Source "ChessBase"]
[SourceDate "2010.11.25"]
[SourceVersion "1"]
[SourceVersionDate "2010.11.25"]
[SourceQuality "1"]

1. e4 e5 2. Nf3 Nf6 3. Nxe5 d6 4. Nf3 Nxe4 5. Nc3 Nxc3 6. dxc3 Nc6 7. Bf4 Qf6 8. Qd2 Be7 9. 0-0-0 Qf5 10. Nd4 Qa5 11. Bc4 Nxd4 12. Qxd4 0-0 13. Qe4 Qf5 14. Qxf5 Bxf5 15. Rhe1 Rfe8 16. f3 h6 17. Bd5 Rab8 18. g4 Bd7 19. Bg3 b6 20. h4 Kf8 21. Kb1 Bf6 22. Rxe8+ Rxe8 23. Re1 Rxe1+ 24. Bxe1 g5 25. h5 Be5 26. Be4 Ke7 27. Kc1 Bf4+ 28. Bd2 Bxd2+ 29. Kxd2 Kf6 30. Ke3 Ke5 31. Bd3 c5 32. c4 Be6 33. b3 Bc8 34. Be2 f5 35. c3 Bd7 36. Bd1 a5 37. a4 Bc8 38. Be2 Be6 39. Bd1 Bd7 40. Be2 Bc8 41. Bd1 Be6 42. Be2 d5 43. cxd5 Bxd5 44. c4 Bg8 45. Bd3 f4+ 46. Kd2 Kd4 47. Be2 Bh7 48. Bd1 Bd3 0-1

[Event "Corsica Masters op 13th"]
[Site "Bastia"]
[Date "2009.10.25"]
[Round "1"]
[White "Hamdouchi, Hicham"]
[Black "Salard, Alexandre"]
[Result "1-0"]
[WhiteElo "2590"]
[BlackElo "1908"]
[PlyCount "45"]
[EventDate "2009.10.25"]
[EventType "swiss"]
[EventRounds "9"]
[EventCountry "FRA"]
[SourceTitle "EXT 2010"]
[Source "ChessBase"]
[SourceDate "2010.11.25"]
[SourceVersion "1"]
[SourceVersionDate "2010.11.25"]
[SourceQuality "1"]

1. e4 e5 2. Nf3 Nf6 3. Nxe5 d6 4. Nf3 Nxe4 5. Nc3 Nxc3 6. dxc3 Be7 7. Bf4 Nc6 8. Qd2 Bf6 9. 0-0-0 0-0 10. Kb1 Re8 11. Bc4 Be6 12. Bxe6 Rxe6 13. h4 Be5 14. Be3 h6 15. g4 Qf6 16. Nd4 Bxd4 17. cxd4 Re4 18. g5 hxg5 19. hxg5 Qg6 20. Rh3 Rae8 21. Qd3 Qe6 22. Rdh1 Kf8 23. d5 1-0